Azam anak nelayan

Bibliographic Details
Main Author: Badrul Hisham
Corporate Author: Title
Format: Book
Published: Selangor : Bright Publications , 2009
Series:Siri alam desa
Subjects:

MARC

LEADER 00000cam a2200000 7i4500
001 0000075180
005 20170819.0
008 070712
020 |a 9789833124046 
090 0 0 |a JF   |b MAL 
100 0 |a Badrul Hisham 
245 1 0 |a Azam anak nelayan   |c Badrul Hisham 
260 |a Selangor :   |b Bright Publications ,   |c 2009 
440 0 |a Siri alam desa 
500 |a Children ages 10-12 years old (pink) 
650 0 |a Malay fiction 
710 0 |a Title 
999 |a 0001064799   |b Book   |c Children Collection   |e Cawangan Bandar Penawar 
999 |a 0001065150   |b Book   |c Children Collection   |e Cawangan Taman Universiti 
999 |a 0001065190   |b Book   |c Children Collection   |e Cawangan Kota Tinggi 
999 |a 0001066480   |b Book   |c Children Collection   |e Cawangan Mersing